[Event "Bundesliga (2nd) West 2003/04"]
[Site "masterchessopen.com Germany"]
[Date "2004.03.07"]
[Round "7"]
[White "Dambacher Martijn (NED)"]
[Black "Mainka Romuald (GER)"]
[Result "1-0"]
[WhiteElo "2407"]
[BlackElo "2461"]

1.d4 Nf6 2.c4 e6 3.Nc3 Bb4 4.e3 O-O 5.Bd3 d5 6.Nf3 c5 7.O-O dxc4 8.Bxc4 Nbd7
9.Qe2 a6 10.a4 b6 11.Rd1 Bb7 12.Bd2 Qc7 13.Bd3 Rfe8 14.Rac1 e5 15.Nxe5 Nxe5
16.dxe5 Qxe5 17.f3 Qh5 18.e4 Nd7 19.Bc4 Ne5 20.Bd5 Nc6 21.Be3 Kh8 22.Na2 Ba5
23.b4 cxb4 24.Bxc6 Bxc6 25.Rxc6 b3 26.Nc1 b2 27.Qxb2 Rxe4 28.Bd4 Rae8 29.Nd3
Re2 30.Qxe2 {#r} 1-0

[Event "It (blitz) (qual)"]
[Site "masterchessopen.com Internet"]
[Date "2004.06.02"]
[Round "2"]
[White "Vasilevich Tatjana (UKR)"]
[Black "Sasikiran Krishnan (IND)"]
[Result "0-1"]
[WhiteElo "2384"]
[BlackElo "2668"]

1.d4 Nf6 2.c4 e6 3.Nc3 Bb4 4.e3 c5 5.Nf3 d5 6.Bd3 O-O 7.O-O dxc4 8.Bxc4 Nbd7
9.Qe2 a6 10.Rd1 Qc7 11.a3 Bxc3 12.bxc3 b5 13.Bd3 Bb7 14.Bd2 e5 15.dxe5 Bxf3
16.Qxf3 Nxe5 17.Qe2 Nxd3 18.Qxd3 Ng4 19.g3 Rad8 20.Qe2 Ne5 21.Be1 Qc6 22.e4 c4
23.Rxd8 Rxd8 24.Rd1 Nd3 25.Bd2 Re8 26.f3 f5 27.Be3 fxe4 28.f4 a5 29.Qh5 b4
30.Qxa5 b3 31.a4 b2 32.Rb1 Ra8 33.Qg5 h6 34.Qg4 Rd8 35.a5 Qa4 36.Qe6+ Kh8
37.Qe7 Rg8 38.Bd4 Qc2 39.Bxg7+ Rxg7 40.Qe8+ Rg8 41.Qe6 Qxb1+ 42.Kg2 Qc2+
43.Kh3 Nxf4+ {#R} 0-1

[Event "It (open) \"]
[Site "masterchessopen.com Pardubice (Czech Republic)"]
[Date "2004.07.26"]
[Round "4"]
[White "Korobov Anton (UKR)"]
[Black "Hoffmann Michael (GER)"]
[Result "1-0"]
[WhiteElo "2572"]
[BlackElo "2468"]

1.d4 Nf6 2.c4 e6 3.Nc3 Bb4 4.e3 O-O 5.Bd3 d5 6.Nf3 c5 7.O-O dxc4 8.Bxc4 Nbd7
9.Qe2 b6 10.Rd1 cxd4 11.exd4 Bxc3 12.bxc3 Qc7 13.Bb2 Bb7 14.Bd3 Nd5 15.Qe4
N5f6 16.Qe2 Nd5 17.Qe4 N5f6 18.Qh4 Bxf3 19.gxf3 e5 20.d5 Nc5 21.Bc2 Qd6 22.c4
g6 23.f4 Ncd7 24.fxe5 Nxe5 25.Qg3 Nfd7 26.Bf5 f6 27.Be6+ Kh8 28.Re1 Rae8
29.Re3 Re7 30.Bxd7 Qxd7 31.Ba3 Ref7 32.Bxf8 Rxf8 33.Qh3 Qd6 34.Qe6 Qc5 35.Rc1
Qd4 36.d6 Ng4 37.Qe4 Qd2 38.Rc2 Qb4 39.Rb3 {#r} 1-0

[Event "Ch Ukraine"]
[Site "masterchessopen.com Kharkov (Ukraine)"]
[Date "2004.08.27"]
[Round "2"]
[White "Korobov Anton (UKR)"]
[Black "Miroshnichenko Evgenij (UKR)"]
[Result "1-0"]
[WhiteElo "2572"]
[BlackElo "2617"]

{ Korobov Anton (UKR) +2 =0 -0 Korobov Anton (UKR) +2 =0 -0 } 1.d4 { 1 }
1...Nf6 2.c4 e6 3.Nc3 Bb4 4.e3 d5 5.Nf3 O-O 6.Bd3 c5 7.O-O dxc4 8.Bxc4 Nbd7
9.a3 ( 9.Qe2 b6 10.Rd1 cxd4 11.exd4 Bxc3 12.bxc3 Qc7 13.Bb2 Bb7 14.Bd3 Nd5
15.Qe4 N5f6 16.Qe2 Nd5 17.Qe4 N5f6 18.Qh4 Bxf3 19.gxf3 e5 20.d5 Nc5 21.Bc2 Qd6
22.c4 g6 23.f4 Ncd7 24.fxe5 Nxe5 25.Qg3 Nfd7 26.Bf5 f6 27.Be6+ Kh8 28.Re1 Rae8
{ ...1-0, Korobov Anton 2565 - Hoffmann Michael 2455 , Pardubice 26. 7.2004 It
(open) "Skanska" } ) 9...cxd4 10.axb4 dxc3 11.bxc3 Qc7 { ?/= } 12.Be2 ( 12.Qb3
Nb6 13.Be2 e5 14.Ra5 Be6 15.Qc2 Nbd7 16.c4 b6 17.Ra6 Rfc8 18.Nd2 Nb8 19.Ra3 a5
20.Bb2 Nc6 21.b5 Ne7 22.f4 Nd7 23.Nf3 Bf5 24.Qc3 Ng6 25.Ng5 Nc5 26.Bf3 Ra7
27.e4 Bd7 28.fxe5 Be6 29.Bh5 h6 30.Nxe6 Nxe6 31.Qg3 Qc5+ { ...1/2-1/2, Kramnik
Vladimir 2809 - Anand Viswanathan 2770 , Wijk aan Zee 2001 It (cat.19) } )
12...Qxc3 { } ( 12...e5 13.c4 b6 14.Bb2 Bb7 15.Qb3 Rfe8 16.Rfd1 a5 17.c5 axb4
18.cxb6 Nxb6 19.Rxa8 Bxa8 20.Bxe5 Qc6 21.Bf1 Nfd5 22.Bd4 Qa4 23.Rb1 Qxb3
24.Rxb3 Na4 25.Ne5 f6 26.Nd3 Kf8 27.g4 Bc6 28.Bg2 Nac3 29.Bc5+ Kf7 30.Nxb4
Nxb4 31.Rxb4 Rc8 32.Bxc6 { ...1/2-1/2, Garcia Gonzales Guillermo 2485 -
Balashov Yuri S 2565 , Leningrad 1977 It (cat.13) } ) 13.Rb1 { N } ( 13.Ba3
Nd5 ( 13...e5 14.Qb1 Qc7 15.Rc1 Qb8 16.b5 Re8 17.Rd1 b6 18.Bd6 Qb7 19.Ng5 h6
20.Nxf7 Kxf7 21.Bc4+ Re6 22.Qf5 Nb8 23.Bd5 Qd7 24.Bxe5 Bb7 25.Bb3 Qe7 26.Rac1
Nd7 27.Bxf6 { 1-0, Lesiege Alexandre 2528 - Macieja Bartlomiej 2629 , Bermuda
2002 It (cat.10) } ) 14.Qb1 Qf6 15.Bd3 h6 16.b5 Rd8 17.Bb2 Qe7 18.Ra4 Nc5
19.Bh7+ Kh8 20.Rh4 f6 21.Rc4 Bd7 22.Ba3 b6 23.Be4 a6 24.bxa6 Rxa6 25.Bxc5 bxc5
26.Rfc1 Ra5 27.Qb2 Rb5 28.Qa3 Nb6 29.R4c3 Rb4 30.Nd2 f5 31.Bf3 Na4 32.Rxc5 Rb2
{ ...1/2-1/2, Kramnik Vladimir 2770 - Kasparov Garry 2849 , London 2000 Ch
World (match) "Braingames" } ) ( 13.Bd2 Qc7 14.Qb1 Nd5 15.Rc1 Qb8 16.Bd3 h6
17.e4 Nf4 18.Bc3 b5 19.Bf1 a6 20.Qb2 f6 21.g3 Ng6 22.Bg2 e5 23.Qa2+ Kh8 24.Bd2
Nb6 25.Be3 Nc4 26.Bc5 Rd8 27.Rd1 Be6 28.Qe2 Qc7 29.Rxd8+ Qxd8 30.Qc2 Qc7
31.Qe2 a5 32.Nd2 a4 { ...1-0, Schlosser F - Kayser Fritz 1955 , corr. 1991
World Tournament (corr.) } ) 13...Qc7 14.Bb2 a5 15.Rc1 Qd8 16.b5 { ?! } (
16.bxa5 { !? } 16...Rxa5 17.Bc3 Rc5 18.Bd4 { } ) 16...b6 17.Ba3 Nc5 { ?! } (
17...Re8 { !? } 18.Nd2 Bb7 19.Nc4 Qb8 { } ) 18.Ne5 Bb7 19.Nc4 Nfd7 20.Qd6 Qg5
{ ?! } ( 20...Nb3 { !? } 21.Rb1 a4 22.Rfd1 Bd5 { } ) 21.Qg3 { ?! } ( 21.g3 {
!? } 21...Rfd8 22.Nxb6 Ne4 23.Qc7 { } ) 21...Qxg3 { ?! } ( 21...Qd8 { !? }
22.Qd6 Nb3 23.Rb1 a4 { } ) 22.hxg3 Bd5 23.Nxb6 Nxb6 24.Rxc5 Rfd8 25.Rfc1 h6
26.Rc7 Be4 27.Bc5 Rab8 { ?! } ( 27...Nd5 { !? } 28.Ra7 Nb4 29.Ra1 Rxa7 { } )
28.Bd4 a4 29.Ra7 Bg6 30.Rc6 Nd7 31.Rxa4 e5 32.Ba7 Rb7 33.b6 Ra8 34.Rxg6 Nxb6
35.Bxb6 Rxa4 36.Rd6 Rb8 37.f4 Rb4 38.Bc5 Rb1+ 39.Kh2 Rc1 40.Rd5 e4 41.Bd4 Rbb1
42.g4 f6 43.g5 hxg5 44.fxg5 fxg5 45.Rxg5 Rb7 46.Re5 Rc2 47.Bg4 { } {#r} 1-0

[Event "It (cat.10)"]
[Site "masterchessopen.com Teheran (Iran)"]
[Date "2004.09.20"]
[Round "10"]
[White "Roghani Arash (IRI)"]
[Black "Moradiabadi Elshan (IRI)"]
[Result "0-1"]
[WhiteElo "2346"]
[BlackElo "2445"]

1.d4 Nf6 2.c4 e6 3.Nc3 Bb4 4.e3 c5 5.Bd3 O-O 6.Nf3 d5 7.O-O dxc4 8.Bxc4 Nbd7
9.Qe2 b6 10.Rd1 cxd4 11.exd4 Bxc3 12.bxc3 Bb7 13.Bd3 Re8 14.Bg5 Qc7 15.Rac1 h6
16.Bxf6 Bxf3 17.Qxf3 Nxf6 18.Re1 Rad8 19.Bb5 Re7 20.Qg3 Rd5 21.Qxc7 Rxc7
22.Ba4 b5 23.Bb3 Rd8 24.a3 Nd5 25.Bxd5 Rxd5 26.Kf1 Rc4 27.Ke2 Kf8 28.Kd3 Ke7
29.Rb1 Ra4 30.Rb3 a6 31.Ra1 Rg5 32.g3 Rf5 33.Ke3 Rc4 34.a4 bxa4 35.Rb7+ Kf6
36.Ra3 Rb5 37.Ra7 Rc6 38.Kd3 Rb2 39.Rxa4 Rxf2 40.R4xa6 Rf3+ 41.Ke4 Rcxc3 42.d5
Rce3+ 43.Kd4 Rd3+ 44.Ke4 Rfe3+ {#R} 0-1

[Event "Memorial M.Chigorin (open)"]
[Site "masterchessopen.com St. Petersburg (Russia)"]
[Date "2004.10.21"]
[Round "6"]
[White "Ivanov Sergey_ (RUS)"]
[Black "Efimenko Zahar (UKR)"]
[Result "1-0"]
[WhiteElo "2553"]
[BlackElo "2594"]

1.d4 Nf6 2.c4 e6 3.Nc3 Bb4 4.e3 O-O 5.Bd3 d5 6.Nf3 c5 7.O-O dxc4 8.Bxc4 Nbd7
9.Qe2 b6 10.Rd1 cxd4 11.Nxd4 Bb7 12.e4 Bxc3 13.bxc3 Qe7 14.f3 Rfc8 15.a4 Ne5
16.Ba3 Qc7 17.Bb3 Nc4 18.Nb5 Qc6 19.Bxc4 Qxc4 20.Rd8+ Rxd8 21.Qxc4 Rac8 22.Qe2
{#r} 1-0

[Event "It (open)"]
[Site "masterchessopen.com Milan (Italy)"]
[Date "2004.12.08"]
[Round "7"]
[White "D'apa Matteo (ITA)"]
[Black "Arboscelli Gregorio (ITA)"]
[Result "0-1"]
[WhiteElo "1973"]
[BlackElo "1907"]

1.d4 Nf6 2.c4 e6 3.Nc3 Bb4 4.Nf3 O-O 5.e3 d5 6.Bd3 dxc4 7.Bxc4 c5 8.O-O Nbd7
9.Qe2 cxd4 10.exd4 Nb6 11.Bd3 Nbd5 12.Ne4 h6 13.Ne5 Nxe4 14.Qxe4 f5 15.Qe2 g5
16.Qh5 Qf6 17.h4 Nf4 18.Bxf4 gxf4 19.Ng6 Rf7 20.Nxf4 Rg7 21.Ne2 Bd7 22.Bxf5
exf5 23.Qf3 Bd6 24.Qxb7 Bc6 25.Qb3+ Kh7 26.d5 Qe5 27.g3 {#R} 0-1

[Event "It (open) \"]
[Site "masterchessopen.com Bucharest (Romania)"]
[Date "2004.12.16"]
[Round "2"]
[White "Raceanu Valentin (ROM)"]
[Black "Ducret Thomas (FRA)"]
[Result "1-0"]
[WhiteElo "2370"]
[BlackElo "2199"]

1.d4 Nf6 2.c4 e6 3.Nc3 Bb4 4.e3 O-O 5.Bd3 c5 6.Nf3 d5 7.O-O dxc4 8.Bxc4 Nbd7
9.Qb3 Qe7 10.Rd1 cxd4 11.exd4 Nb6 12.Bd3 Bd7 13.Bg5 Bxc3 14.Qxc3 Rfc8 15.Qd2
Nbd5 16.Ne5 Ba4 17.b3 Be8 18.Ng4 a5 19.Nxf6+ Nxf6 20.Re1 Qb4 21.Qf4 Rc3
22.Bxf6 Rxd3 23.Qg4 Qf8 24.Re5 Rxd4 25.Qxd4 gxf6 26.Re3 e5 27.Rg3+ Kh8 28.Qh4
Ra6 29.Rd1 Rd6 30.Rd2 Bd7 31.Rgd3 {#r} 1-0

[Event "It (cat.7)"]
[Site "masterchessopen.com Budapest (Hungary)"]
[Date "2005.03.07"]
[Round "3"]
[White "Porat Shi (ISR)"]
[Black "Kallio Heikki (FIN)"]
[Result "0-1"]
[WhiteElo "2444"]
[BlackElo "2501"]

1.d4 Nf6 2.c4 e6 3.Nc3 Bb4 4.e3 O-O 5.Bd3 d5 6.Nf3 c5 7.O-O dxc4 8.Bxc4 Nbd7
9.Bb3 cxd4 10.exd4 Nb6 11.a3 Be7 12.Qd3 Bd7 13.Bc2 Bc6 14.Bg5 g6 15.Bh6 Re8
16.Ne5 Nbd5 17.Rfe1 Qb6 18.Rab1 Bf8 19.Bg5 Bg7 20.Red1 Qc7 21.Qh3 Nxc3 22.bxc3
Be4 23.Bd3 Bxd3 24.Qxd3 h6 25.Bh4 Nd7 26.Nc4 Rac8 27.Ne3 Nb6 28.Rb3 Nd5 29.Bg3
Qc6 30.c4 Nxe3 31.fxe3 b6 32.Rc3 Red8 33.Qc2 Qb7 34.a4 Qa6 35.Rb1 Rc6 36.Rb5
Qc8 37.a5 Qa6 38.Qb3 Bf8 39.Qa4 Qc8 40.axb6 axb6 41.c5 Qd7 42.h3 bxc5 43.dxc5
Rxc5 44.Rcxc5 Bxc5 45.Bf2 Bd6 46.Qb3 Bc7 47.g3 Qc6 48.Rb4 Qf3 49.Rd4 Rxd4 {#R}
0-1

[Event "It (cat.13)"]
[Site "masterchessopen.com Copenhagen/Malmoe (Denmark)"]
[Date "2005.04.16"]
[Round "2"]
[White "Hillarp Persson Tiger (SWE)"]
[Black "Hansen Sune Berg (DEN)"]
[Result "1-0"]
[WhiteElo "2534"]
[BlackElo "2555"]

{ } 1.d4 Nf6 2.c4 e6 3.Nc3 Bb4 4.e3 O-O 5.Bd3 c5 6.Nf3 d5 7.O-O dxc4 8.Bxc4
Nbd7 9.Qe2 b6 10.a3 cxd4 11.Nb5 ( 11.exd4 Bxc3 12.bxc3 Qc7 13.Bd2 Bb7 14.Bd3
Nd5 15.Qe4 N5f6 16.Qe2 Nd5 17.Qe4 { 1/2-1/2, Zudov M - Tal Mikhail 2650 ,
Leningrad 1991 It (open) } ) ( 11.axb4 dxc3 12.bxc3 Bb7 13.Bb2 Bxf3 14.gxf3
Ne5 15.Rfd1 Nd5 16.Bxd5 exd5 17.Rd4 Qd7 18.f4 Nc4 19.Rad1 Nxb2 20.Rxd5 Qc8
21.Qxb2 Qg4+ 22.Kf1 Qh3+ 23.Kg1 Qg4+ { 1/2-1/2, Zaja Ivan 2476 - Ribli Zoltan
2564 , Solin/Split 2001 It (cat.12) } ) 11...Be7 ( 11...d3 12.Bxd3 Be7 13.Rd1
Bb7 14.e4 Qb8 15.Bg5 Nc5 16.e5 Nxd3 17.Qxd3 Bxf3 18.Bxf6 Bxf6 19.Qxf3 Bg5
20.Rd7 Qxe5 21.Nxa7 Qxb2 22.Rad1 Rad8 23.g3 Rxd7 24.Rxd7 Bf6 25.Nc6 h6 26.Kg2
Qb5 27.Rb7 Qc5 28.Nb8 Rc8 29.Nd7 Qc3 30.Nxf6+ { 1/2-1/2, Beliavsky Alexander G
2605 - Ivanchuk Vassily 2680 , Reggio Emilia 1990 It } ) 12.Nbxd4 Bb7 13.b4 {
?/= } ( 13.Ba6 { 1/2-1/2, Gil Capape Javier 2440 - Pogorelov Ruslan 2440 ,
Cerrado 1997 It } ) ( 13.Rd1 Rc8 14.b3 Qc7 15.Bb2 Rfd8 16.e4 Qf4 17.e5 Nd5
18.h3 Qh6 19.Nf5 exf5 20.Bxd5 Bxd5 21.Rxd5 Qe6 22.Rdd1 f6 23.Nd4 Qxe5 24.Qf3
Bd6 25.g3 Nc5 26.Re1 Ne4 { 1/2-1/2, Bronstein David I 2432 - Sanguinetti Raul
2485 , Portoroz 1958 Izt } ) 13...a5 { N } ( 13...a6 14.Bb2 b5 15.Bb3 Qb6
16.Rac1 Rfc8 17.Nd2 Nf8 18.f4 Rxc1 19.Rxc1 Rd8 20.f5 e5 21.N4f3 Ng4 22.Nf1 e4
23.Ne5 Nxe5 24.Bxe5 Rd7 25.Bxg7 Kxg7 26.Qg4+ Kh8 27.Bxf7 Bg5 28.Qxg5 Rxf7
29.Ng3 Qd6 30.Rf1 Nd7 31.Nh5 Nf6 32.Nf4 Qd2 33.Ng6+ { ...0-1, Wells Peter K
2460 - Suba Mihai 2540 , Benidorm 1991 It (open) } ) 14.b5 Qc7 15.Bb2 Rac8
16.Rac1 Qb8 17.Rfd1 Bd6 18.h3 Rfe8 19.Ba2 Bc5 20.Bb1 Qa8 21.Nc6 Bxc6 22.bxc6
Qxc6 23.Rc4 e5 24.Ba2 Qb7 25.Rh4 Re7 26.g4 { ? } ( 26.a4 Qc6 27.Qc4 h6 28.Bb1
{ } ) 26...h6 { ? } ( 26...e4 27.Nd4 Bxd4 28.exd4 Nd5 { } ) 27.g5 hxg5 28.Nxg5
Rce8 29.Qc2 Qc7 { ? } ( 29...e4 30.Rf4 Qc7 31.a4 Qb7 { } ) 30.Rxd7 Qxd7 31.Qg6
Bxe3 { ? } ( 31...Re6 32.Nxe6 { } ) 32.Rh7 Bxf2+ 33.Kh2 Bg1+ 34.Kh1 Qc6+
35.Kxg1 Qc5+ 36.Kf1 Qb5+ 37.Ke1 { +156.50 CAP } {#r} 1-0

[Event "Match \"]
[Site "masterchessopen.com Karlstad (Sweden)"]
[Date "2005.05.05"]
[Round "2"]
[White "Hillarp Persson Tiger (SWE)"]
[Black "Gausel Einar (NOR)"]
[Result "1-0"]
[WhiteElo "2534"]
[BlackElo "2507"]

{ Hillarp Persson Tiger (SWE) +1 =0 -0 Gausel Einar (NOR) +1 =0 -0 } 1.d4 e6
2.c4 Nf6 3.Nc3 Bb4 4.e3 c5 5.Bd3 d5 6.Nf3 O-O 7.O-O dxc4 8.Bxc4 Nbd7 9.a3 (
9.Qe2 b6 10.a3 cxd4 11.Nb5 Be7 12.Nbxd4 Bb7 13.b4 a5 14.b5 Qc7 15.Bb2 Rac8
16.Rac1 Qb8 17.Rfd1 Bd6 18.h3 Rfe8 19.Ba2 Bc5 20.Bb1 Qa8 21.Nc6 Bxc6 22.bxc6
Qxc6 23.Rc4 e5 24.Ba2 Qb7 25.Rh4 Re7 26.g4 h6 27.g5 hxg5 28.Nxg5 Rce8 {
...1-0, Hillarp Persson Tiger 2533 - Hansen Sune Berg 2553 , Copenhagen/Malmoe
16. 4.2005 It (cat.13) } ) 9...cxd4 10.axb4 dxc3 11.bxc3 Qc7 { ?/= } 12.Be2 (
12.Qb3 Nb6 13.Be2 e5 14.Ra5 Be6 15.Qc2 Nbd7 16.c4 b6 17.Ra6 Rfc8 18.Nd2 Nb8
19.Ra3 a5 20.Bb2 Nc6 21.b5 Ne7 22.f4 Nd7 23.Nf3 Bf5 24.Qc3 Ng6 25.Ng5 Nc5
26.Bf3 Ra7 27.e4 Bd7 28.fxe5 Be6 29.Bh5 h6 30.Nxe6 Nxe6 31.Qg3 Qc5+ {
...1/2-1/2, Kramnik Vladimir 2809 - Anand Viswanathan 2770 , Wijk aan Zee 2001
It (cat.19) } ) 12...b6 { +0.52 CAP N } ( 12...Qxc3 13.Ba3 ( 13.Rb1 Qc7 14.Bb2
a5 15.Rc1 Qd8 16.b5 b6 17.Ba3 Nc5 18.Ne5 Bb7 19.Nc4 Nfd7 20.Qd6 Qg5 21.Qg3
Qxg3 22.hxg3 Bd5 23.Nxb6 Nxb6 24.Rxc5 Rfd8 25.Rfc1 h6 26.Rc7 Be4 27.Bc5 Rab8
28.Bd4 a4 29.Ra7 Bg6 30.Rc6 Nd7 31.Rxa4 e5 32.Ba7 { ...1-0, Korobov Anton 2572
- Miroshnichenko Evgenij 2617 , Kharkov 27. 8.2004 Ch Ukraine } ) 13...Nd5
14.Qb1 Qf6 15.Bd3 h6 ( 15...Qh6 16.b5 Re8 17.Rc1 a5 { +0.15 CAP } ) 16.b5 Rd8
17.Bb2 Qe7 18.Ra4 Nc5 19.Bh7+ Kh8 20.Rh4 f6 21.Rc4 Bd7 22.Ba3 b6 23.Be4 a6
24.bxa6 Rxa6 25.Bxc5 bxc5 26.Rfc1 Ra5 27.Qb2 Rb5 28.Qa3 Nb6 29.R4c3 Rb4 30.Nd2
f5 31.Bf3 Na4 32.Rxc5 { ...1/2-1/2, Kramnik Vladimir 2770 - Kasparov Garry
2849 , London 2000 Ch World (match) "Braingames" } ) ( 12...e5 13.c4 b6 14.Bb2
Bb7 15.Qb3 Rfe8 16.Rfd1 a5 17.c5 axb4 18.cxb6 Nxb6 19.Rxa8 Bxa8 20.Bxe5 Qc6
21.Bf1 Nfd5 22.Bd4 Qa4 23.Rb1 Qxb3 24.Rxb3 Na4 25.Ne5 f6 26.Nd3 Kf8 27.g4 Bc6
28.Bg2 Nac3 29.Bc5+ Kf7 30.Nxb4 Nxb4 31.Rxb4 Rc8 32.Bxc6 { ...1/2-1/2, Garcia
Gonzales Guillermo 2485 - Balashov Yuri S 2565 , Leningrad 1977 It (cat.13) }
) ( 12...Nd5 13.c4 Nc3 14.Qc2 Nxe2+ 15.Qxe2 b6 16.Ba3 Bb7 17.Nd4 Rfc8 18.Rac1
a5 19.f3 axb4 20.Bxb4 Ba6 21.Rc3 Bxc4 22.Rfc1 Bxe2 23.Rxc7 Ba6 { 1/2-1/2,
Simeonidis Ioannis 2331 - Chimaras, Iraklion 1. 6.2002 It (open) } ) (
12...Nb6 13.Qc2 Nbd5 14.c4 Nxb4 15.Qc3 Nc6 16.Bb2 b6 17.Bd3 Rd8 18.Ng5 Qe5
19.Qxe5 Nxe5 20.Bxe5 Rxd3 21.Rfb1 Nd7 22.Bg3 Nc5 23.Nf3 Ba6 24.Nd4 Bxc4
25.Rxb6 Rd1+ 26.Rxd1 axb6 27.Nc6 Nd3 28.f3 f6 29.Bd6 b5 30.Nb4 Nb2 31.Rb1 Na4
32.Rc1 { ...0-1, Rotariu GS - Brilla Banfalvi Sandor, DDR 1986 corr. } )
13.Nd4 Bb7 14.Nb5 Qc6 15.Bf3 Qc8 16.Bxb7 Qxb7 17.Nd6 Qc6 18.c4 Rfd8 19.Ra2 a5
20.b5 Qc7 21.Rd2 Nc5 22.Ba3 Rab8 23.h3 Rd7 24.Bxc5 Qxc5 25.Ne4 Rxd2 26.Nxf6+
gxf6 27.Qxd2 Rc8 28.Rc1 a4 29.Qd4 e5 30.Qxc5 Rxc5 31.Kf1 Kf8 { ?! } ( 31...Kg7
{ !? } 32.Ke2 Rc8 33.Kd3 Rh8 { } ) 32.Ke2 e4 33.Kd2 Rf5 34.Kc3 Ke7 35.Rc2 Rg5
36.g3 Rg8 37.Kb4 Rd8 38.Kxa4 Rd1 39.c5 Ra1+ 40.Kb4 Rb1+ 41.Kc4 bxc5 42.Kxc5
Kd7 43.Rd2+ Kc7 44.Rd5 { } {#r} 1-0

[Event "Ch Romania (team) A"]
[Site "masterchessopen.com Tusnad (Romania)"]
[Date "2005.05.24"]
[Round "4"]
[White "Ungureanu Vlad (ROM)"]
[Black "Cosma Ioan (ROM)"]
[Result "0-1"]
[WhiteElo "2306"]
[BlackElo "2468"]

1.d4 Nf6 2.c4 e6 3.Nc3 Bb4 4.e3 c5 5.Nf3 O-O 6.Bd3 d5 7.O-O dxc4 8.Bxc4 Nbd7
9.a3 cxd4 10.exd4 Bxc3 11.bxc3 Qc7 12.Qb3 b6 13.Be2 Bb7 14.c4 Rac8 15.Bb2 Ng4
16.d5 exd5 17.cxd5 Qc2 18.Bd1 Qxb3 19.Bxb3 Nc5 20.Ba2 Na4 21.Ne5 Nf6 22.Nc6
Nxd5 23.Bxd5 Bxc6 24.Bxc6 Rxc6 25.Bd4 Rd8 26.Be3 f6 27.Rfd1 Rcd6 28.Rxd6 Rxd6
29.g4 Nc3 30.Kg2 Kf7 31.a4 a5 32.Ra3 Nd5 33.Kf3 Rc6 34.Rb3 Ke6 35.h4 Nb4
36.Ke4 g6 37.Bd2 Rc4+ 38.Kf3 Nd5 39.Be3 Rxa4 40.Bxb6 Rb4 41.Rxb4 axb4 42.Bd4
f5 43.Kg3 Nc3 44.Bg7 Ne4+ 45.Kf3 Nf6 46.g5 Ne4 47.Ke3 Kd5 48.f3 Nc5 49.h5 gxh5
{#R} 0-1

[Event "Ch SCG (team) (First League) (w)"]
[Site "masterchessopen.com Vrnjacka Banja (Serbia)"]
[Date "2005.10.22"]
[Round "6"]
[White "Urosevic Marija (SRB)"]
[Black "Peptan Corina-Isabela (ROM)"]
[Result "0-1"]
[WhiteElo "2075"]
[BlackElo "2404"]

1.d4 Nf6 2.c4 e6 3.Nc3 Bb4 4.e3 O-O 5.Bd3 d5 6.Nf3 c5 7.O-O dxc4 8.Bxc4 Nbd7
9.Qe2 a6 10.a4 cxd4 11.exd4 Nb6 12.Bb3 Nbd5 13.Bd2 Be7 14.Rfe1 b6 15.Rad1 Ra7
16.Ne5 Rc7 17.Nxd5 Nxd5 18.Rc1 Rxc1 19.Rxc1 Bf6 20.Bc4 a5 21.Bb5 Bxe5 22.dxe5
Bd7 23.Qg4 f5 24.Qc4 Qe7 25.Bxd7 Qxd7 26.Qc6 Qe7 27.h3 h6 28.Rd1 Rd8 29.Bc3
Kh7 30.Re1 Rd7 31.Bd4 Rc7 32.Qd6 Rc4 33.Qxe7 Nxe7 34.Bxb6 Rxa4 35.g3 Nc6
36.Bc7 Rc4 37.Bd6 Rc2 38.Rb1 Kg6 39.f4 Nd4 40.b4 Nf3+ 41.Kh1 Rh2# 0-1

[Event "Zt"]
[Site "masterchessopen.com Sao Paulo (Brazil)"]
[Date "2005.10.24"]
[Round "3"]
[White "Assumpcao Roberto (BRA)"]
[Black "Limp Eduardo (BRA)"]
[Result "0-1"]
[WhiteElo "2364"]
[BlackElo "2447"]

1.d4 Nf6 2.c4 e6 3.Nc3 Bb4 4.e3 O-O 5.Bd3 d5 6.Nf3 c5 7.O-O dxc4 8.Bxc4 Nbd7
9.Qe2 b6 10.Rd1 cxd4 11.exd4 Bb7 12.Bg5 Bxc3 13.bxc3 Qc7 14.Bd3 Qxc3 15.Rac1
Qa5 16.Ne5 Rac8 17.Bb5 Nxe5 18.dxe5 Ne4 19.Be7 Nc3 20.Rxc3 Qxc3 21.Bxf8 Rxf8
22.Rd7 Bd5 23.Rxa7 Qa1+ 24.Qf1 Qxe5 25.Bd3 g6 26.Qc1 Kg7 27.h3 Ra8 28.Rxa8
Bxa8 29.Bf1 Bd5 30.a3 h5 31.Qb1 Qd4 32.Qc1 Bb3 33.Be2 h4 34.Bf3 e5 35.Qc6 Bc4
36.Qb7 b5 37.Qe7 Bd3 38.Bg4 e4 39.Bd7 Qc3 40.Qb4 Qc1+ {#R} 0-1

[Event "Bayern Regionalliga Northeast 2005/06"]
[Site "masterchessopen.com Bayern (Germany)"]
[Date "2005.11.27"]
[Round "3"]
[White "Kordts Wolfgang (GER)"]
[Black "Stefanov Parik (ROM)"]
[Result "0-1"]
[WhiteElo "2264"]
[BlackElo "2331"]

1.d4 Nf6 2.c4 e6 3.Nc3 Bb4 4.e3 O-O 5.Bd3 c5 6.Nf3 d5 7.O-O dxc4 8.Bxc4 Nbd7
9.a3 Bxc3 10.bxc3 Qc7 11.Qe2 b6 12.a4 Bb7 13.Bb5 a6 14.Bxd7 Nxd7 15.Ba3 Rfe8
16.Rfb1 Qc6 17.Qc4 Rad8 18.Qb3 Rb8 19.Qc4 h6 20.dxc5 bxc5 21.a5 e5 22.Ne1 e4
23.Ra2 Rbc8 24.Rab2 Rc7 25.Rd2 Qg6 26.Qf1 Ne5 27.Kh1 Re6 28.Rdb2 Bd5 29.Rb8+
Kh7 30.R1b6 Nc4 31.Rxe6 Qxe6 32.Nc2 Nxa5 33.Qb1 Nc4 34.h3 Qe5 35.Rd8 Rb7
36.Qd1 Be6 37.Ra8 Nxa3 38.Nxa3 Qxc3 39.Rxa6 Rb3 40.Nb1 Qb2 41.Nd2 Rd3 42.Qa4
Rxd2 43.Qxe4+ g6 {#R} 0-1

[Event "Ch Europe"]
[Site "masterchessopen.com Kusadasi (Turkey)"]
[Date "2006.04.08"]
[Round "5"]
[White "Porligil Suleyman (TUR)"]
[Black "Simeonidis Ioannis (GRE)"]
[Result "0-1"]
[WhiteElo "1924"]
[BlackElo "2308"]

1.d4 Nf6 2.c4 e6 3.Nc3 Bb4 4.e3 O-O 5.Nf3 c5 6.Bd3 d5 7.O-O dxc4 8.Bxc4 Nbd7
9.a3 Ba5 10.dxc5 Bxc3 11.bxc3 Qc7 12.Qc2 Nxc5 13.Bb2 Bd7 14.Rac1 Rac8 15.Be2
Ba4 16.Qb1 Nb3 17.Rce1 Bc6 18.Bd1 Bxf3 19.Bxb3 Ng4 20.g3 Nxh2 21.Bd1 Nxf1
22.Bxf3 Nd2 23.Qd1 Nxf3+ 24.Qxf3 Qb6 25.Ba1 Rc4 26.Kg2 Rfc8 27.Rh1 Qc6 28.Qxc6
R8xc6 29.Rd1 h5 30.Rd8+ Kh7 31.Rd7 Rc7 32.Rd4 Rxd4 33.cxd4 Rc1 34.Bb2 Rc2
35.Ba1 Ra2 36.Bc3 Rxa3 37.Bb4 Rb3 38.Bc5 b6 39.Bd6 a5 40.e4 a4 41.d5 exd5
42.exd5 Rd3 43.Bc7 Rxd5 44.Bxb6 a3 45.Kf3 a2 46.Ke4 Rd1 {#R} 0-1

[Event "Ch India (w)"]
[Site "masterchessopen.com Visakhapatnam (India)"]
[Date "2006.04.14"]
[Round "14"]
[White "Swati Mohota (IND)"]
[Black "Mohota Nisha (IND)"]
[Result "0-1"]
[WhiteElo "2161"]
[BlackElo "2270"]

1.d4 Nf6 2.c4 e6 3.Nc3 Bb4 4.e3 O-O 5.Bd3 d5 6.Nf3 c5 7.O-O dxc4 8.Bxc4 Nbd7
9.a3 cxd4 10.axb4 dxc3 11.bxc3 Qc7 12.Qb3 Nb6 13.Be2 e5 14.Ba3 Be6 15.Qc2 Bc4
16.b5 Rfe8 17.h3 Bxe2 18.Qxe2 Nc4 19.Bb4 a5 20.bxa6 bxa6 21.Rfd1 h6 22.e4 Qc6
23.Ra2 a5 24.Ba3 Nxe4 25.Qc2 Nxa3 26.Rxa3 Nd6 27.Rda1 Nc4 28.Ra4 Qc5 29.Qe2
Nb6 30.R4a3 a4 31.Nd2 f5 32.Qe3 Qc6 33.c4 e4 34.Qc3 Nd7 35.Qb4 Nc5 36.Qb5 Qd6
37.Nb1 Reb8 38.Rxa4 Rxa4 39.Rxa4 Rxb5 {#R} 0-1

[Event "Olympiad (w)"]
[Site "masterchessopen.com Turin (Italy)"]
[Date "2006.05.22"]
[Round "2"]
[White "Johansson Victoria (SWE)"]
[Black "Cmilyte Viktorija (LTU)"]
[Result "0-1"]
[WhiteElo "2234"]
[BlackElo "2469"]

1.d4 Nf6 2.c4 e6 3.Nc3 Bb4 4.e3 O-O 5.Bd3 d5 6.Nf3 c5 7.O-O dxc4 8.Bxc4 Nbd7
9.a3 cxd4 10.exd4 Bxc3 11.bxc3 Qc7 12.Qb3 h6 13.Re1 b6 14.Bf1 Bb7 15.c4 Rac8
16.h3 Ba6 17.Ne5 Nxe5 18.dxe5 Nd7 19.Qg3 f6 20.Bxh6 Nxe5 21.Bf4 Bxc4 22.Rac1
b5 23.Bxc4 bxc4 24.Bxe5 fxe5 25.Rxe5 Rfd8 26.Qe3 c3 27.Rh5 Rd6 28.Qe4 c2
29.Qg4 Rcd8 30.Re5 Rd1+ 31.Re1 Rxe1+ 32.Rxe1 c1=Q 33.Qxe6+ Kh8 {#R} 0-1

[Event "Memorial Narciso Yepes (open)"]
[Site "masterchessopen.com Lorca (Spain)"]
[Round "9"]
[White "Peralta Fernando (ARG)"]
[Black "Pogorelov Ruslan (UKR)"]
[Result "1-0"]
[WhiteElo "2574"]
[BlackElo "2462"]

1.d4 Nf6 2.c4 e6 3.Nc3 Bb4 4.e3 O-O 5.Bd3 c5 6.Nf3 d5 7.O-O dxc4 8.Bxc4 Nbd7
9.Qe2 b6 10.a3 cxd4 11.Nb5 Be7 12.Nbxd4 Bb7 13.Rd1 Qc7 14.b3 a6 15.a4 Nc5
16.Bb2 Rac8 17.Rdc1 Qb8 18.b4 Nce4 19.h3 Bxb4 20.Bxa6 Nc3 21.Bxc3 Bxc3 22.Rab1
Nd5 23.Bxb7 Qxb7 24.Nb5 Ba5 25.Ne5 Nc3 26.Nxc3 Bxc3 27.Nc4 Bf6 28.Qh5 Qa6
29.Qb5 Qxb5 30.axb5 Rb8 31.Nd6 Be7 32.Rc6 Bxd6 33.Rxd6 Rfc8 34.Ra1 Kf8 35.Ra7
Rc1+ 36.Kh2 Rc5 37.g4 Rxb5 38.Rdd7 Kg8 39.Rxf7 Rg5 40.Kg3 Rf8 41.Rfb7 h5
42.Kh4 Rg6 43.Kxh5 Kh7 44.f4 Rh6+ 45.Kg5 Rg8 46.Rxb6 Rf8 47.Rxg7+ Kxg7 48.Rb7+
{#r} 1-0